| 000 | 01175nam a2200337Ia 4500 | ||
|---|---|---|---|
| 005 | 20220317001035.0 | ||
| 008 | 160825s2008 ck g 000 0 spa | ||
| 020 | _a97895830042012 | ||
| 100 | 1 |
_aEsquilo _d525 a.C.-456 a.C |
|
| 245 | 1 | 0 |
_aTragedias completas _cEsquilo ; traducido por Fernando S. Brieva Salvatierra |
| 250 |
_a1a. edición _b6a. reimpresión |
||
| 300 |
_a279 páginas _c20 cm |
||
| 490 | _aTeatro | ||
| 505 | _aPrometeo encadenado -- Los siete sobre Tebas -- La Orestíada, trilogía trágica -- Las Suplicantes -- Los persas | ||
| 650 | 1 | 4 |
_2LEMB _aTeatro griego |
| 650 | 1 | 4 |
_2LEMB _aLiteratura griega |
| 650 | 1 | 4 |
_2LEMB _aSufrimiento en la literatura |
| 700 | 1 |
_aBrieva Salvatierra, Fernando S. _964788 |
|
| 740 | _aLa Orestiada, trilogía trágica | ||
| 740 | 4 | 2 | _aLas suplicantes |
| 740 | 4 | 2 | _aLos Persas |
| 740 | 4 | 2 | _aLos siete sobre Tebas |
| 740 | 0 | 2 | _aPrometeo encadenado |
| 942 |
_2loc _cBKLIT |
||
| 264 |
_aBogotá _bPanamericana _c2008 |
||
| 336 |
_atexto _btxt _2rdacontent |
||
| 337 |
_asin mediación _bn _2rdamedia |
||
| 338 |
_avolumen _bnc _2rdacarrier |
||
| 040 |
_aCO-BoRNBP _bspa _erda _cCO-BoRNBP |
||
| 084 | _aT ESQ1 | ||
| 999 |
_c5757 _d5757 |
||